000 00669nam a2200205Ii 4500
003 JO-AjNU
008 230605s9999||||xx |||||||||||||| ||und||
040 _aJO-AjNU
_bara
_erda
_cJO-AjNU
041 _aara
050 1 4 _aBP135.A1.G326 1989
100 3 _aالغزالي، محمد,
_eauthor
_941191
245 0 0 _aالسنة النبوية بين أهل الفقة.. وأهل الحديث
250 _aط4
264 3 1 _aعمان: دار الشروق، 1989
300 _a160ص
336 _atext
_btxt
_2rdacontent
337 _aunmediated
_bn
_2rdamedia
338 _avolume
_bnc
_2rdacarrier
650 4 _aالاسلام - فقة -الاسلام - حديث
_941192
999 _aA17542
_c21110
_d21110